000
00226nam a22000857a 4500
999
_c
11818
_d
11818
008
200225b ||||| |||| 00| 0 eng d
100
_a
Piper Watty
_9
7496
245
_a
The Little Engine That Could
260
_a
New York
_b
Platt & Munk